| 000 | 00352 a2200109 4500 | ||
|---|---|---|---|
| 001 | ART_61213 | ||
| 005 | 20260410162017.0 | ||
| 008 | 260409a | ||
| 245 | 1 | 0 | _aLey nacional de procedimientos administrativos |
| 100 | 1 | _aRoitman, Facundo J. | |
| 773 | 0 |
_tTemas de derecho administrativo _g- Año 9, N° 8/9 (ago./sep. 2024) _wREV40468 |
|
| 999 |
_c32726 _d32726 |
||